| 000 | 00557nam a22001937a 4500 | ||
|---|---|---|---|
| 999 |
_c2029 _d2029 |
||
| 003 | SLTCLib | ||
| 008 | 260610b ce ||||| |||| 00| 0 eng d | ||
| 020 | _a9781492051299 | ||
| 041 | _aEnglish | ||
| 080 |
_a004.432.2 _bBAR |
||
| 100 |
_aBarry, Paul _93581 |
||
| 245 |
_aHead First Python _bA Learner's guide to the fundamentals of python programming |
||
| 260 |
_aBeijing _bO'Reilly Media, Inc _c2023 |
||
| 300 | _a623p. | ||
| 650 | 0 |
_92267 _a Python |
|
| 650 | 0 |
_92057 _aComputer programming |
|
| 650 | 0 |
_93132 _aProgramming languages |
|
| 942 |
_2lcc _cMRE |
||
| 945 |
_a3725 _bIshara wickramage _c3725 _dIshara wickramage |
||